[Event "SVK ECo-C Extraliga 2018-19"]
[Site "Slovakia"]
[Date "2018.11.11"]
[Round "2"]
[White "Haring, Filip"]
[Black "Krak, Tomas"]
[Result "1/2-1/2"]
[WhiteElo "2258"]
[BlackElo "2284"]
[Annotator "NA"]
[PlyCount "155"]
[EventDate "2018.11.10"]
[EventType "team-tourn"]
[EventCountry "SVK"]
[SourceTitle "playchess.com"]
[Source "ChessBase"]
[SourceQuality "1"]
[WhiteTeam "Liptovska"]
[BlackTeam "Snina"]
[TimeControl "40/5400+30:1800+30"]

1. e4 {[%emt 0:00:00]} c5 {[%emt 0:00:00]} 2. Nf3 {[%emt 0:00:00]} Nc6 {[%emt 0:00:00]} 3. d4 {[%emt 0:00:25]} cxd4 {[%emt 0:00:00]} 4. Nxd4 {[%emt 0:00:16]} g6 {[%emt 0:00:00]} 5. Nc3 {[%emt 0:00:26]} Bg7 {[%emt 0:00:05]} 6. Be3 {[%emt 0:00:31]} Nf6 {[%emt 0:00:05]} 7. Bc4 {[%emt 0:00:38]} O-O {[%emt 0:00:07]} 8. Bb3 {[%emt 0:00:24]} d6 {[%emt 0:00:05]} 9. f3 {[%emt 0:00:38]} Bd7 {[%emt 0:00:06]} 10. Qd2 {[%emt 0:00:35]} Na5 {[%emt 0:00:16]} 11. O-O-O {[%emt 0:03:11] LiveBook: 86 Games} Nxb3+ {[%emt 0:00:22]} 12. cxb3 {[%emt 0:02:32]} Qb8 {[%emt 0:00:09]} 13. g4 {[%emt 0:03:57]} b5 {[%emt 0:00:48]} 14. g5 {[%emt 0:10:16]} b4 {[%emt 0:01:49]} 15. gxf6 {[%emt 0:14:07]} bxc3 {[%emt 0:00:44]} 16. bxc3 {[%emt 0:00:06]} Bxf6 {[%emt 0:01:35]} 17. h4 {[%emt 0:03:32]} Rc8 {[%emt 0:15:18]} 18. h5 {[%emt 0:03:30]} Qc7 {[%emt 0:02:03] [#]} ({Besser ist} 18... Qb4 $14) 19. c4 $1 {[%emt 0:05:33]} Rab8 $16 {[%emt 0:21:50]} 20. Rdg1 {[%emt 0:10:28]} e5 {[%emt 0:17:15]} 21. hxg6 {[%emt 0:01:02]} hxg6 {[%emt 0:03:50]} 22. Qh2 {[%emt 0:21:20]} exd4 {[%emt 0:07:36]} 23. Rxg6+ {[%emt 0:00:04]} fxg6 {[%emt 0:00:13]} 24. Qh7+ {[%emt 0:00:03]} Kf8 {[%emt 0:00:11]} 25. Bh6+ {[%emt 0:00:03]} Ke8 {[%emt 0:00:14]} 26. Qxg6+ {[%emt 0:00:05]} Ke7 {[%emt 0:00:07]} 27. Bg5 {[%emt 0:00:13]} Rf8 {[%emt 0:09:57]} 28. Bxf6+ {[%emt 0:02:30]} Rxf6 {[%emt 0:00:55]} 29. Rh7+ {[%emt 0:00:12]} Kd8 {[%emt 0:00:20]} 30. Qxf6+ {[%emt 0:09:37]} Kc8 {[%emt 0:00:18]} 31. Qxd4 {[%emt 0:01:06]} Qb6 {[%emt 0:07:22]} 32. Qd2 {[%emt 0:03:29]} Qc5 {[%emt 0:03:26]} 33. f4 {[%emt 0:02:50]} Kc7 {[%emt 0:02:52]} 34. e5 {[%emt 0:00:57]} Rg8 {[%emt 0:01:05]} 35. Kb2 {[%emt 0:02:03]} Rg6 {[%emt 0:02:45]} 36. Re7 {[%emt 0:00:48]} Kc8 {[%emt 0:01:49]} 37. f5 {[%emt 0:00:29]} Bxf5 {[%emt 0:00:55]} 38. exd6 {[%emt 0:00:30]} Rxd6 {[%emt 0:01:07]} 39. Qf4 {[%emt 0:00:30]} Rd1 {[%emt 0:01:15]} 40. Re8+ {[%emt 0:00:32]} Kd7 {[%emt 0:00:20]} 41. Re5 {[%emt 0:01:45]} Rb1+ {[%emt 0:02:01]} 42. Kc3 {[%emt 0:01:07]} Rc1+ {[%emt 0:00:33]} 43. Kd2 {[%emt 0:07:32]} Rc2+ {[%emt 0:05:26]} 44. Kd1 {[%emt 0:00:03]} Qg1+ {[%emt 0:01:58]} 45. Re1 {[%emt 0:00:04]} Qf2 {[%emt 0:00:41]} 46. Qxf2 {[%emt 0:08:53]} Rxf2 {[%emt 0:00:17]} 47. Re5 {[%emt 0:01:16]} Bg4+ {[%emt 0:00:32]} 48. Kc1 {[%emt 0:00:20]} Rxa2 {[%emt 0:02:45]} 49. b4 {[%emt 0:03:06]} Ra4 {[%emt 0:02:13]} 50. Ra5 {[%emt 0:00:45]} Rxb4 {[%emt 0:00:31]} 51. Rxa7+ {[%emt 0:00:08]} Kd6 {[%emt 0:00:21]} 52. Kd2 {[%emt 0:01:03]} Rxc4 {[%emt 0:00:44]} 53. Kd3 {[%emt 0:00:53]} Rc6 {[%emt 0:00:45]} 54. Rg7 {[%emt 0:00:33]} Be6 {[%emt 0:00:37]} 55. Rg5 {[%emt 0:01:00]} Rc7 {[%emt 0:01:20]} 56. Kd4 {[%emt 0:01:17]} Rc4+ {[%emt 0:00:36]} 57. Ke3 {[%emt 0:00:49]} Bd5 {[%emt 0:00:16]} 58. Rg6+ {[%emt 0:00:24]} Kc5 {[%emt 0:00:20]} 59. Rg5 {[%emt 0:00:19]} Re4+ {[%emt 0:00:35]} 60. Kd3 {[%emt 0:00:19]} Rf4 {[%emt 0:00:14]} 61. Re5 {[%emt 0:00:57]} Ra4 {[%emt 0:00:43]} 62. Ke3 {[%emt 0:00:40]} Ra3+ {[%emt 0:00:18]} 63. Kf4 {[%emt 0:00:54]} Kd4 {[%emt 0:00:10]} 64. Re8 {[%emt 0:00:21]} Rf3+ {[%emt 0:00:17]} 65. Kg4 {[%emt 0:00:39]} Rf7 {[%emt 0:00:16]} 66. Kg5 {[%emt 0:00:39]} Be4 {[%emt 0:00:23]} 67. Kg4 {[%emt 0:00:37]} Ke3 {[%emt 0:00:22]} 68. Rg8 {[%emt 0:00:58]} Rf2 {[%emt 0:01:43]} 69. Rg5 {[%emt 0:01:46]} Rf8 {[%emt 0:05:49]} 70. Rg7 {[%emt 0:00:53]} Rf1 {[%emt 0:01:40]} 71. Rg5 {[%emt 0:00:35]} Kd4 {[%emt 0:00:27]} 72. Kh4 {[%emt 0:00:48]} Bf5 {[%emt 0:00:33]} 73. Rg3 {[%emt 0:00:43]} Ke4 {[%emt 0:01:16]} 74. Kg5 {[%emt 0:00:36]} Ke5 {[%emt 0:00:16]} 75. Re3+ {[%emt 0:00:21]} Be4 {[%emt 0:00:09]} 76. Rg3 {[%emt 0:00:24]} Rf2 {[%emt 0:03:07]} 77. Rg4 {[%emt 0:00:44]} Rh2 {[%emt 0:00:56]} 78. Rg3 {[%emt 0:00:37]} 1/2-1/2

[Event "SVK ECo-C Extraliga 2018-19"]
[Site "Slovakia"]
[Date "2018.11.11"]
[Round "2"]
[White "Petran, Peter"]
[Black "Cibickova, Zuzana"]
[Result "0-1"]
[WhiteElo "2256"]
[BlackElo "2243"]
[Annotator "TA"]
[PlyCount "133"]
[EventDate "2018.11.10"]
[EventType "team-tourn"]
[EventCountry "SVK"]
[SourceTitle "playchess.com"]
[Source "ChessBase"]
[SourceQuality "1"]
[WhiteTeam "Slovan"]
[BlackTeam "Komarno"]

{[%evp 21,133,-10,3,-9,-5,-2,-6,-18,-7,-18,-16,-29,-8,-72,-70,-79,-70,-73,-67,-132,-66,-77,-72,-76,-32,-37,-37,-35,-49,-57,-14,-29,-22,-22,-22,-33,-39,-32,-44,-48,-14,-14,-14,-14,-14,-14,-14,-14,-14,-14,-12,-14,19,18,23,42,72,37,52,42,66,57,81,45,58,37,34,25,115,82,65,71,79,0,0,0,0,0,0,-78,-78,-78,-51,-78,-78,-78,-78,-78,-78,-78,-92,-78,-78,-95,-91,-78,0,-152,-143,-152,-143,-143,-120,-12834,-12835,-12837,-12837,-12838,-12839,-12839,-12839,-12842,-12843,-12841]} 1. g3 d5 2. Nf3 Bg4 3. Bg2 c6 4. d3 Nd7 5. Nbd2 e6 6. b3 Ngf6 7. Bb2 Be7 8. O-O O-O 9. c4 a5 10. a3 Qb8 11. Qc2 {A12: English Opening: 1...c6 with b3 by White} Rc8 {LiveBook: 5 Games} 12. Rfe1 $146 ({Predecessor:} 12. Rfc1 h6 13. h3 {½-½ (43) Damljanovic,B (2574)-Campos Gambuti,L (2421) Lorca 2001}) 12... Bh5 13. Bc3 {The position is equal.} b5 {[%cal Bb7b5,Bb5b4][%mdl 32]} 14. e4 Qb6 15. h3 dxe4 16. dxe4 Bc5 $36 {[%mdl 2048] ...b4 is the strong threat. Black has some pressure.} 17. Rf1 (17. Re2 $11) 17... b4 $17 18. Bb2 h6 19. a4 Bg6 20. Qd3 (20. Kh2 $15) 20... Re8 (20... Nh5 $1 $17 {[%cal Rh5g3]} 21. Nh4 (21. Qxd7 $2 Rd8 $19) 21... Rd8) 21. Qe2 {[#]} e5 $1 22. Nh4 Nf8 23. Nxg6 Nxg6 24. h4 Rad8 25. Nf3 h5 26. Bh3 Bd4 27. Ra2 c5 28. Bc1 Nf8 29. Kg2 Qc6 30. Ng5 Re7 31. Rd2 Rd6 32. Rd3 g6 33. Rfd1 Qb7 34. Rf1 Rd8 35. Kh1 Rde8 36. f3 N6d7 {And now ...f6 would win.} 37. Bg2 $1 f6 38. Nh3 Qc7 39. Qd1 Nb8 40. f4 exf4 $1 41. Nxf4 Qd8 42. Nd5 Rf7 $1 43. Rxd4 cxd4 44. Qxd4 {[%cal Rf1f6]} Nh7 (44... Nbd7 $11) 45. Bb2 Nd7 46. c5 {Strongly threatening c6.} Ne5 47. Nxf6+ ({Better is} 47. Rf4 $16) 47... Nxf6 $11 48. Qxd8 Rxd8 49. Bxe5 Ng4 50. Bd6 (50. Bf4 $11 {remains equal.}) 50... Rxf1+ $17 51. Bxf1 {[%mdl 4096] Endgame Threatens to win with e5. KRN-KB} Nf2+ 52. Kg2 Nxe4 53. Bc4+ {[#]} Kh7 $1 54. Bc7 Rd2+ 55. Kf3 Nxc5 56. Bxa5 {[#]} Nxb3 $1 {[%mdl 512]} 57. Bxb4 (57. Bxb3 Rd3+) 57... Rd4 58. Bxb3 Rd3+ ({Black should try} 58... Rxb4 $17 59. Bc2 Rc4) 59. Kf4 $2 ({Only move:} 59. Ke4 $11 Rxb3 60. Be1) 59... Rxb3 {KR-KB} 60. Be1 Rb1 61. Bd2 Rb2 62. Be1 $2 {[%mdl 8192]} (62. Ke3 $17) 62... Re2 $19 {Black is clearly winning.} 63. Bb4 Ra2 64. Bd6 Rxa4+ 65. Kf3 Kg7 66. Bf4 Kf6 67. Bd6 {Precision: White = 48%, Black = 66%.} 0-1

[Event "SVK ECo-C Extraliga 2018-19"]
[Site "Slovakia"]
[Date "2018.11.11"]
[Round "2"]
[White "Banas, Kamil"]
[Black "Walter, Szymon"]
[Result "1-0"]
[WhiteElo "2255"]
[BlackElo "2322"]
[Annotator "NA"]
[PlyCount "35"]
[EventDate "2018.11.10"]
[EventType "team-tourn"]
[EventCountry "SVK"]
[SourceTitle "playchess.com"]
[Source "ChessBase"]
[SourceQuality "1"]
[WhiteTeam "Modra"]
[BlackTeam "Dubnica"]
[TimeControl "40/5400+30:1800+30"]

1. e4 {[%emt 0:00:00]} c5 {[%emt 0:00:00]} 2. Nf3 {[%emt 0:00:00]} d6 {[%emt 0:00:11]} 3. d4 {[%emt 0:00:00]} cxd4 {[%emt 0:00:06]} 4. Nxd4 {[%emt 0:00:00]} Nf6 {[%emt 0:00:17]} 5. Nc3 {[%emt 0:00:00]} g6 {[%emt 0:00:13]} 6. Be3 {[%emt 0:00:46]} Bg7 {[%emt 0:00:14]} 7. f3 {[%emt 0:00:05]} O-O {[%emt 0:00:37]} 8. Qd2 {[%emt 0:00:02]} Nc6 {[%emt 0:00:29]} 9. O-O-O {[%emt 0:00:09]} d5 {[%emt 0:01:01]} 10. Qe1 {[%emt 0:03:10]} e6 {[%emt 0:01:24]} 11. h4 {[%emt 0:02:13]} Qc7 {[%emt 0:00:18]} 12. h5 {[%emt 0:09:05]} Nxh5 {[%emt 0:15:53]} 13. g4 {[%emt 0:04:22]} Nxd4 {[%emt 0:24:10]} 14. Bxd4 {[%emt 0:09:08]} Bxd4 {[%emt 0:00:33]} 15. Rxd4 {[%emt 0:01:40]} Qf4+ {[%emt 0:00:28]} 16. Kb1 {[%emt 0:02:00]} Nf6 {[%emt 0:25:36]} 17. Qh4 {[%emt 0:04:46]} Bd7 {[%emt 0:05:02]} 18. Ne2 {[%emt 0:02:09]} 1-0

[Event "SVK ECo-C Extraliga 2018-19"]
[Site "Slovakia"]
[Date "2018.11.11"]
[Round "2"]
[White "Rohacek, Miroslav"]
[Black "Jurcik, Martin"]
[Result "0-1"]
[WhiteElo "2251"]
[BlackElo "2333"]
[Annotator "TA"]
[PlyCount "128"]
[EventDate "2018.11.10"]
[EventType "team-tourn"]
[EventCountry "SVK"]
[SourceTitle "playchess.com"]
[Source "ChessBase"]
[SourceQuality "1"]
[WhiteTeam "Osuske"]
[BlackTeam "Dunajov"]

{[%evp 23,128,12,17,6,9,2,0,0,0,0,0,0,0,0,1,0,21,-24,-7,-5,0,-5,-4,-3,-4,-16,-11,-19,-16,-106,-109,-95,-104,-124,-134,-130,-116,-181,-186,-184,-196,-181,-91,-97,-100,-116,-113,-129,-107,-113,-77,-144,-150,-212,-131,-149,-151,-158,-145,-157,0,-164,-163,-197,-117,-220,-230,-230,-230,-220,-221,-249,-244,-243,-225,-236,-243,-219,-209,-224,-170,-185,-167,-251,-241,-215,-229,-243,-245,-253,-218,-220,-204,-349,-372,-360,-368,-356,-348,-478,-385,-656,-651,-659,-622,-777,-686]} 1. d4 Nf6 2. Nf3 d5 3. c4 dxc4 4. e3 e6 5. Bxc4 a6 6. O-O c5 7. dxc5 Qxd1 8. Rxd1 Bxc5 9. a3 b5 10. Be2 Ke7 11. b4 Bd6 12. Bb2 Nbd7 {LiveBook: 7 Games. D27: Queen's Gambit Accepted: Classical main line: 7 e4!? and 7 a4} (12... Bb7 13. Nbd2 Nbd7 14. Nb3 Rac8 15. Na5 Ba8 16. Nd4 Nb6 17. Rac1 Rxc1 18. Rxc1 Rc8 19. Rxc8 Nxc8 20. f3 {½-½ (34) Rashkovsky,N (2530)-Kramnik,V (2625) Moscow 1992}) 13. Ng5 $146 {[#] Hoping for Rxd6!} ({Predecessor:} 13. Nbd2 Bb7 14. Nb3 Bd5 15. Nbd4 Rhc8 16. a4 bxa4 17. Rxa4 Nb6 18. Rxa6 Na4 19. Rxa8 Rxa8 20. Ba1 Bxb4 {½-½ (56) James,D (2134)-Gerlagh,J (2288) Reading 2017}) 13... Be5 14. Bxe5 Nxe5 {The position is equal.} 15. f4 Ned7 16. Bf3 Rb8 17. Nd2 Bb7 18. Bxb7 Rxb7 19. Rac1 Nb6 20. Nge4 Nxe4 (20... Rd8 {looks sharper.} 21. Nc5 Rc7 22. Kf2 Rdc8 23. Ndb3 Nc4) 21. Nxe4 Nc4 22. Nc5 Ra7 23. Rc3 Rc8 24. a4 Nb6 25. axb5 axb5 26. Ne4 (26. e4 $11) 26... Rc4 $17 27. Rxc4 Nxc4 {[%mdl 4096] Endgame KRN-KRN} 28. Rd3 Ra1+ 29. Kf2 Rb1 30. Nc5 (30. Nd2 $17 {was necessary.} Rxb4 31. Rb3 Rxb3 32. Nxb3) 30... Rxb4 $19 31. Rd7+ Ke8 32. Rb7 Nd6 (32... Rb2+ $19 33. Kf3 Nd2+ 34. Kg4 Nf1) 33. Rb8+ Ke7 34. Kf3 Rc4 35. Nd3 Rc8 36. Rb6 Rc7 37. Nb4 (37. Ne5 $142) 37... Kd7 $17 38. Nd3 (38. Ra6 $17) 38... f6 39. e4 Rc3 40. Ke2 Rc2+ 41. Kf3 Rc3 42. Ke2 Rc6 43. Rb8 Rc8 ({Black should try} 43... Nxe4 $19 44. Rg8 g6 45. Rg7+ Kd6 46. Rxh7 Rc2+ 47. Kf3 Nd2+ 48. Ke3 Nc4+ 49. Kf3 Rd2) 44. Rb6 (44. Rxc8 $17 Nxc8 45. Kd2) 44... Nxe4 $19 45. Ke3 Nd6 46. Ra6 Rc7 47. Ra8 Nf5+ 48. Kd2 Kc6 49. g4 Nd6 50. Nb4+ Kb7 51. Rd8 Nc8 52. h4 Nb6 53. Re8 {[#]} (53. Rh8 $142) 53... e5 $1 54. fxe5 Nc4+ 55. Ke2 Nxe5 56. g5 Rc4 57. gxf6 gxf6 ({Avoid the trap} 57... Rxb4 $2 58. fxg7 Rb2+ 59. Kd1 $18) 58. Nd5 (58. Re7+ $142 Kc8 59. Nd5) 58... Re4+ ({But not} 58... Rxh4 59. Re7+ Kc6 60. Nxf6 $19) 59. Kf1 Rxh4 60. Re6 Nd7 61. Kg2 Rd4 62. Rd6 $2 (62. Ne3) 62... Nc5 {Black is clearly winning.} 63. Rb6+ Ka7 64. Rd6 b4 {Precision: White = 41%, Black = 70%.} 0-1

[Event "SVK ECo-C Extraliga 2018-19"]
[Site "Slovakia"]
[Date "2018.11.11"]
[Round "2"]
[White "Matejovic, Juraj"]
[Black "Bury, Rastislav"]
[Result "1-0"]
[WhiteElo "2250"]
[BlackElo "2144"]
[Annotator "TA"]
[PlyCount "33"]
[EventDate "2018.11.10"]
[EventType "team-tourn"]
[EventCountry "SVK"]
[SourceTitle "playchess.com"]
[Source "ChessBase"]
[SourceQuality "1"]
[WhiteTeam "Dunajov"]
[BlackTeam "Osuske"]

{[%evp 21,33,-1,20,8,26,31,71,57,98,110,145,84,432,419]} 1. e4 c5 2. Nf3 d6 3. d4 cxd4 4. Nxd4 Nf6 5. Nc3 a6 6. Bc4 e6 7. Bb3 Nbd7 8. f4 Nc5 9. e5 dxe5 10. fxe5 Nfd7 11. Bf4 Be7 {LiveBook: 13 Games} 12. Qe2 {B86: Sicilian Scheveningen/Najdorf: 6 Bc4, without early ...b5} (12. Qf3 O-O 13. O-O-O Bg5 14. Rhe1 Bxf4+ 15. Qxf4 Qc7 16. Re3 b5 17. Nf5 exf5 18. Nd5 Qb8 19. Ne7+ Kh8 {1-0 (30) Fang,Y (2323)-Darini,P (2471) Sharjah 2014}) 12... O-O 13. O-O-O Nxb3+ $146 ({Predecessor:} 13... Qe8 14. Rhe1 Nxb3+ 15. axb3 Nc5 16. b4 Nd7 17. Rd3 Bxb4 18. Rg3 Kh8 19. Qg4 Rg8 {0-1 (37) Olesen,M (2340)-Rinberg,A (2335) Tel Aviv 1995}) 14. axb3 {[%cal Ba2b3,Bb3b4][%mdl 32]} Qa5 15. Kb1 Nc5 16. Rhf1 (16. Qg4 $142) 16... b5 $2 {[%mdl 8192] [#]} (16... Bd7 $16) 17. b4 $1 {[%mdl 512]} 1-0

[Event "SVK ECo-C Extraliga 2018-19"]
[Site "Slovakia"]
[Date "2018.11.11"]
[Round "2"]
[White "Holtman, Teodor"]
[Black "Haring, Viktor"]
[Result "1-0"]
[WhiteElo "2234"]
[BlackElo "2314"]
[Annotator "NA"]
[PlyCount "73"]
[EventDate "2018.11.10"]
[EventType "team-tourn"]
[EventCountry "SVK"]
[SourceTitle "playchess.com"]
[Source "ChessBase"]
[SourceQuality "1"]
[WhiteTeam "Snina"]
[BlackTeam "Liptovska"]
[TimeControl "40/5400+30:1800+30"]

1. e4 {[%emt 0:00:00]} c5 {[%emt 0:00:00]} 2. Nc3 {[%emt 0:00:00]} Nc6 {[%emt 0:00:06]} 3. Nf3 {[%emt 0:00:00]} Nf6 {[%emt 0:00:33]} 4. d4 {[%emt 0:00:04]} cxd4 {[%emt 0:00:20]} 5. Nxd4 {[%emt 0:00:03]} e5 {[%emt 0:00:42]} 6. Ndb5 {[%emt 0:00:04]} d6 {[%emt 0:00:18]} 7. a4 {[%emt 0:00:49]} a6 {[%emt 0:04:26]} 8. Na3 {[%emt 0:00:02]} Be6 {[%emt 0:06:47]} 9. Bc4 {[%emt 0:00:54]} Rc8 {[%emt 0:12:36]} 10. Bg5 {[%emt 0:01:24]} Be7 {[%emt 0:15:09] B33: Sicilian: Pelikan and Sveshnikov Variations} (10... Nd4 11. Nd5 Qa5+ 12. Bd2 Qd8 13. Bg5 Qa5+ {½-½ (13) Papp,G (2509)-Vovk,Y (2549) Szombathely 2008}) 11. Bxf6 {[%emt 0:01:34]} Bxf6 {[%emt 0:00:11]} 12. Nd5 {[%emt 0:02:16] LiveBook: 29 Games} Bg5 {[%emt 0:00:35]} 13. c3 {[%emt 0:00:51]} O-O {[%emt 0:07:51]} 14. h4 {[%emt 0:03:19]} Bh6 {[%emt 0:00:20]} ({Aber nicht} 14... Bxh4 $2 15. Qh5 $18) 15. g4 {[%emt 0:19:34]} Bf4 {[%emt 0:00:43]} 16. Qf3 $11 {[%emt 0:19:15]} ({Predecessor:} 16. Nxf4 exf4 17. Bxe6 fxe6 {0-1 (26) Walker,P-Ledger,S (2165) London 1999}) 16... Ne7 {[%emt 0:11:00]} 17. Nxf4 {[%emt 0:03:57]} Bxc4 {[%emt 0:02:30]} 18. Nxc4 {[%emt 0:00:47]} Rxc4 {[%emt 0:01:26]} 19. Ne2 {[%emt 0:10:08] [#]} Qb6 $1 {[%emt 0:05:58]} 20. Qd3 {[%emt 0:03:35]} Rfc8 {[%emt 0:08:35]} 21. a5 {[%emt 0:11:43]} Qxb2 {[%emt 0:10:45]} 22. O-O {[%emt 0:00:02]} Qb5 {[%emt 0:01:58]} 23. Qxd6 {[%emt 0:00:02]} Ng6 {[%emt 0:01:14]} 24. h5 {[%emt 0:06:34]} Nh4 {[%emt 0:03:31]} 25. Rab1 {[%emt 0:10:19]} Qxa5 {[%emt 0:02:25]} 26. Rxb7 {[%emt 0:00:41]} Rxe4 {[%emt 0:01:08]} 27. Ng3 {[%emt 0:00:25]} Nf3+ {[%emt 0:01:42]} 28. Kg2 {[%emt 0:01:35]} Rec4 {[%emt 0:00:34]} 29. Kxf3 {[%emt 0:02:18]} Qxc3+ {[%emt 0:00:07]} 30. Kg2 {[%emt 0:00:07]} Rxg4 {[%emt 0:00:47]} 31. Rb8 {[%emt 0:00:55]} h6 {[%emt 0:00:32]} 32. Rxc8+ {[%emt 0:00:47]} Qxc8 {[%emt 0:00:08]} 33. Rb1 {[%emt 0:01:08]} Qc2 {[%emt 0:00:59]} 34. Rb8+ {[%emt 0:00:34]} Kh7 {[%emt 0:00:05]} 35. Qd8 {[%emt 0:00:31]} Qe4+ {[%emt 0:00:24]} 36. Kf1 {[%emt 0:00:52]} Qc4+ {[%emt 0:00:11]} 37. Ne2 {[%emt 0:00:15]} 1-0

[Event "SVK ECo-C Extraliga 2018-19"]
[Site "Slovakia"]
[Date "2018.11.11"]
[Round "2"]
[White "Molnar, Erno"]
[Black "Franzen, Jozef"]
[Result "1-0"]
[WhiteElo "2233"]
[BlackElo "2239"]
[Annotator "NA"]
[PlyCount "73"]
[EventDate "2018.11.10"]
[EventType "team-tourn"]
[EventCountry "SVK"]
[SourceTitle "playchess.com"]
[Source "ChessBase"]
[SourceQuality "1"]
[WhiteTeam "Komarno"]
[BlackTeam "Slovan"]
[TimeControl "40/5400+30:1800+30"]

1. e4 {[%emt 0:00:00]} g6 {[%emt 0:00:00]} 2. d4 {[%emt 0:00:00]} Bg7 {[%emt 0:00:00]} 3. Nc3 {[%emt 0:00:00]} d6 {[%emt 0:00:00]} 4. f4 {[%emt 0:00:00]} c6 {[%emt 0:00:00]} 5. Nf3 {[%emt 0:01:08]} Bg4 {[%emt 0:00:05]} 6. Be3 {[%emt 0:03:42]} Qb6 {[%emt 0:00:45]} 7. Qd2 {[%emt 0:06:54]} Bxf3 {[%emt 0:00:14]} 8. gxf3 {[%emt 0:00:09]} Nd7 {[%emt 0:00:47]} 9. O-O-O {[%emt 0:04:31]} Qa5 {[%emt 0:00:55]} 10. Kb1 {[%emt 0:11:49]} O-O-O {[%emt 0:00:44]} 11. Bc4 {[%emt 0:08:31]} e6 {[%emt 0:04:15]} 12. Bb3 {[%emt 0:02:45]} Kb8 {[%emt 0:01:15]} 13. Rhg1 {[%emt 0:06:20]} Ne7 {[%emt 0:02:59]} 14. f5 {[%emt 0:07:00]} exf5 {[%emt 0:00:49]} 15. Bxf7 {[%emt 0:01:33]} Rhf8 {[%emt 0:09:09]} 16. Bb3 {[%emt 0:03:03]} fxe4 {[%emt 0:04:24]} 17. fxe4 {[%emt 0:00:17]} Nf6 {[%emt 0:06:47]} 18. Rdf1 {[%emt 0:11:11]} Qc7 {[%emt 0:12:27]} 19. a3 {[%emt 0:05:40]} Qd7 {[%emt 0:02:17]} 20. Bh6 {[%emt 0:04:48]} Nc8 {[%emt 0:03:55]} 21. Bg5 {[%emt 0:02:59]} Rde8 {[%emt 0:00:51]} 22. Qd3 {[%emt 0:00:42]} Nh5 {[%emt 0:04:12]} 23. d5 {[%emt 0:05:34]} Rxf1+ {[%emt 0:01:43]} 24. Rxf1 {[%emt 0:00:43]} Qg4 {[%emt 0:01:29]} 25. h4 {[%emt 0:09:31]} c5 {[%emt 0:07:29]} 26. Qb5 {[%emt 0:01:46]} Rf8 {[%emt 0:00:21]} 27. Rxf8 {[%emt 0:00:59]} Bxf8 {[%emt 0:00:02]} 28. Qe8 {[%emt 0:00:06]} Bg7 {[%emt 0:08:54]} 29. Nb5 {[%emt 0:00:22]} c4 {[%emt 0:02:24]} 30. Ba4 {[%emt 0:01:06]} Qg1+ {[%emt 0:05:18]} 31. Ka2 {[%emt 0:00:06]} Qc5 {[%emt 0:00:02]} 32. Bd8 {[%emt 0:01:10]} b6 {[%emt 0:00:03]} 33. Qd7 {[%emt 0:00:49]} Nf6 {[%emt 0:02:09]} 34. Qxg7 {[%emt 0:00:13]} a6 {[%emt 0:02:06]} 35. Bc7+ {[%emt 0:00:34]} Ka8 {[%emt 0:00:17]} 36. Bxd6 {[%emt 0:00:22]} Ne8 {[%emt 0:01:32]} 37. Nc7+ {[%emt 0:00:30]} 1-0

[Event "SVK ECo-C Extraliga 2018-19"]
[Site "Slovakia"]
[Date "2018.11.11"]
[Round "2"]
[White "Gazik, Igor"]
[Black "Farkas, Gabor"]
[Result "1-0"]
[WhiteElo "2220"]
[BlackElo "2373"]
[Annotator "NA"]
[PlyCount "115"]
[EventDate "2018.11.10"]
[EventType "team-tourn"]
[EventCountry "SVK"]
[SourceTitle "playchess.com"]
[Source "ChessBase"]
[SourceQuality "1"]
[WhiteTeam "Podhajska"]
[BlackTeam "Streda"]
[TimeControl "40/5400+30:1800+30"]

1. e4 {[%emt 0:00:00]} c5 {[%emt 0:00:00]} 2. Nc3 {[%emt 0:00:00]} Nc6 {[%emt 0:00:28]} 3. g3 {[%emt 0:01:27]} g6 {[%emt 0:00:17]} 4. Bg2 {[%emt 0:00:05]} Bg7 {[%emt 0:00:06]} 5. d3 {[%emt 0:00:06]} d6 {[%emt 0:04:57]} 6. Be3 {[%emt 0:01:11]} Nf6 {[%emt 0:02:23]} 7. h3 {[%emt 0:00:41]} O-O {[%emt 0:00:37]} 8. Nge2 {[%emt 0:10:26]} Rb8 {[%emt 0:01:35]} 9. Qd2 {[%emt 0:01:26]} b5 {[%emt 0:08:46]} 10. O-O {[%emt 0:00:42]} b4 {[%emt 0:03:38]} 11. Nd1 {[%emt 0:00:24]} Ne8 {[%emt 0:15:01]} 12. Bh6 {[%emt 0:17:37]} Nd4 {[%emt 0:04:38]} 13. Bxg7 {[%emt 0:04:28]} Nxg7 {[%emt 0:03:15]} 14. Nxd4 {[%emt 0:12:58]} cxd4 {[%emt 0:00:07]} 15. b3 {[%emt 0:00:05]} Qc7 {[%emt 0:03:51]} 16. a3 {[%emt 0:00:19]} a5 {[%emt 0:03:45]} 17. axb4 {[%emt 0:00:48]} axb4 {[%emt 0:00:07]} 18. Nb2 {[%emt 0:07:33]} Qc3 {[%emt 0:04:52]} 19. Nc4 {[%emt 0:00:42]} Be6 {[%emt 0:08:19]} 20. Qxc3 {[%emt 0:07:24]} bxc3 {[%emt 0:00:13]} 21. Na5 {[%emt 0:06:02]} Rfc8 {[%emt 0:03:22]} 22. e5 {[%emt 0:04:00]} Rb6 {[%emt 0:08:43]} 23. exd6 {[%emt 0:10:07]} Rxd6 {[%emt 0:00:18]} 24. b4 {[%emt 0:02:16]} Bd5 {[%emt 0:02:20]} 25. b5 {[%emt 0:05:08]} Bxg2 {[%emt 0:03:31]} 26. Kxg2 {[%emt 0:00:02]} Rb6 {[%emt 0:03:05]} 27. Nc6 {[%emt 0:00:54]} Kf8 {[%emt 0:00:19]} 28. Nxd4 {[%emt 0:01:37]} e5 {[%emt 0:00:29]} 29. Nc6 {[%emt 0:00:07]} Nf5 {[%emt 0:03:48]} 30. Rfb1 {[%emt 0:00:34]} Nd6 {[%emt 0:01:58]} 31. Nxe5 {[%emt 0:02:16]} Rxb5 {[%emt 0:00:12]} 32. Rxb5 {[%emt 0:01:17]} Nxb5 {[%emt 0:00:07]} 33. Nc4 {[%emt 0:00:54]} Nd4 {[%emt 0:01:43]} 34. Ne3 {[%emt 0:00:03]} Nc6 {[%emt 0:05:14]} 35. Ra4 {[%emt 0:01:08]} Ne5 {[%emt 0:00:39]} 36. Rd4 {[%emt 0:01:01]} f5 {[%emt 0:02:11]} 37. f4 {[%emt 0:00:42]} Nf7 {[%emt 0:01:21]} 38. Rd7 {[%emt 0:00:25]} h6 {[%emt 0:02:01]} 39. Kf3 {[%emt 0:00:20]} Rc6 {[%emt 0:00:11]} 40. Nd5 {[%emt 0:01:23]} Rc5 {[%emt 0:00:55]} 41. Ke3 {[%emt 0:05:52]} Rc6 {[%emt 0:01:54]} 42. Rc7 {[%emt 0:01:20]} Re6+ {[%emt 0:03:26]} 43. Kf2 {[%emt 0:02:08]} Nd8 {[%emt 0:00:19]} 44. Nxc3 {[%emt 0:02:46]} Nc6 {[%emt 0:00:42]} 45. Ne2 {[%emt 0:02:16]} Ke8 {[%emt 0:01:04]} 46. c3 {[%emt 0:00:38]} Kd8 {[%emt 0:01:42]} 47. Rh7 {[%emt 0:00:05]} h5 {[%emt 0:00:18]} 48. Rb7 {[%emt 0:02:09]} Kc8 {[%emt 0:01:52]} 49. Rg7 {[%emt 0:00:09]} Kd8 {[%emt 0:00:41]} 50. Ng1 {[%emt 0:00:46]} Ne7 {[%emt 0:00:25]} 51. Nf3 {[%emt 0:00:36]} Ke8 {[%emt 0:00:57]} 52. c4 {[%emt 0:07:18]} Kf8 {[%emt 0:06:24]} 53. Rh7 {[%emt 0:00:04]} Nc6 {[%emt 0:01:59]} 54. Rb7 {[%emt 0:00:37]} Re8 {[%emt 0:01:14]} 55. Rb6 {[%emt 0:00:25]} Ne7 {[%emt 0:01:40]} 56. Ne5 {[%emt 0:00:19]} Rd8 {[%emt 0:00:29]} 57. Ke3 {[%emt 0:02:29]} Kg7 {[%emt 0:00:22]} 58. Rb7 {[%emt 0:01:04]} 1-0